02133cam a22005894i 4500003000900000005001700009008004100026020001500067020001800082035002000100040003300120041001300153082002100166100002800187245018900215264005600404300006100460336002100521337002500542338002300567504004000590505046200630526001001092526001001102526001001112526001001122526001001132526000901142526000901151526000901160526000901169526000901178526000901187526000901196526000901205526000901214526000901223526000801232526000801240526000801248526000801256526000801264526000801272534005701280541001801337650002201355700003201377700003301409700003601442700003301478700003201511PE-LiUPU20250731170422.0180611s2015 sp a rb 000 0 spa d a8499612016 a9788499612010 a(Sirsi) a248840 aPE-LiUPUbspacPE-LiUPUerda1 aspaheng04a153.733bJ672201 aJohnson, Addie,eautor.10aAtención : teoría y práctica /cAddie Johnson, Robert W. Proctor ; edición traducida, adaptada y revisada por Antonio Crespo, Raúl Cabestrero, Pilar Quirós y Marcos Ríos. 1aMadrid :bCentro de estudios Ramón Areces,c2015. axiii, 344 páginas :bilustraciones ;c24 centímetros atext2rdacontent aunmediated2rdamedia avolume2rdacarrier aBibliografía : páginas 319-344.0 aPresentación de la edición española: introducción al estudio de la atención y marco conceptual -- La investigación sobre atención: perspectiva histórica -- El estudio de la atención desde el procesamiento de la información -- Atención selectiva visual -- Atención auditiva y crossmodal -- Atención e inhibición -- Realizando varias tareas a la vez -- Atención y memoria -- Carga mental, consciencia situacional y error huamano. aSEG68 aSEG70 aSEG69 aSEG67 aSEG43 aP144 aP143 aP131 aP122 aP120 aP117 aP112 aP110 aP106 aP101 aP80 aP59 aP54 aP35 aP33 aP30 pTítulo original :tAttention. Theoty and practice. g002-00000083;17aAtención2embne1 aProctor, Robert W.,eautor.1 aCrespo, Antonio,etraductor.1 aCabestrero, Raúl,etraductor.1 aQuirós, Pilar,etraductor.1 aRíos, Marcos,etraductor.